| 000 | 01060nam a22003137a 4500 | ||
|---|---|---|---|
| 003 | CHAP | ||
| 005 | 20220329141715.0 | ||
| 008 | 971013s1983 r 00010 d | ||
| 010 | _a72583 | ||
| 011 | _a73555 | ||
| 035 | _a83113 | ||
| 040 | _cCHAP | ||
| 090 | _aTesis | ||
| 100 | 0 | 0 |
_aBarba Martínez, Jesús. _910080 |
| 245 | _aPrueba de campo de cuatro fitorreguladores en el cultivo de cebolla (Allium cepa L.) en Apodaca, N. L. | ||
| 260 |
_aMonterrey, N. L. : _bEl autor, _c1983 |
||
| 300 |
_a81 h. _b; gráfs. |
||
| 502 | _aTesis (Ing. Agrónomo en Producción) -- ITESM. Div. de Ciencias Agropecuarias y Marítimas | ||
| 590 |
_aALEPH _b10 _c20130110 _lUCH01 _h1413 |
||
| 590 |
_aBATCH-UPD _b10 _c20130110 _lUCH01 _h1345 |
||
| 590 |
_aBATCH-UPD _b10 _c20130410 _lUCH01 _h0844 |
||
| 590 |
_aBATCH-UPD _b10 _c20130914 _lUCH01 _h0905 |
||
| 590 |
_aCONVERSION _b10 _c20130109 _lUCH01 _h1340 |
||
| 650 | 1 | 4 |
_aCebolla. _920749 |
| 650 | 1 | 4 |
_aPlantas _xCrecimiento _xAditivos. _988804 |
| 901 | _aBK | ||
| 942 | _cTESIS | ||
| 949 |
_bBC _cTES _d-37484 _eTS1 _i83113 _si |
||
| 999 |
_c72583 _d72583 |
||